000 05577cam a22019214i 4500
003 PE-LiUPU
005 20250813165440.0
008 150604s2001 sp a rb 001 0 spa d
020 _a9588060176
020 _a9789588060170
035 _a(Sirsi) i9789588060170
040 _aPE-LiUPU
_bspa
_cPE-LiUPU
_erda
049 _aPRUA
082 0 4 _a627
_bR74
_220
100 1 _aRodríguez Díaz, Alfonso,
_eautor.
245 1 0 _aHidráulica experimental /
_cAlfonso Rodríguez Díaz.
250 _aPrimera edición, quinta reimpresión.
264 1 _aBarcelona :
_bEditorial escuela colombiana de ingeniería,
_c2001.
300 _a1 CD-ROM
300 _a337 páginas :
_bilustraciones ;
_c25 centímetros
336 _atext
_2rdacontent
337 _aunmediated
_2rdamedia
338 _avolume
_2rdacarrier
504 _aBibliografía al final de cada capítulo.
504 _aÍndice analítico : páginas 333-337.
504 _aÍndice de figuras : páginas 329-332.
505 0 _aTratamiento estadístico de datos -- El venturímetro -- Experimento de reynolds -- Estudio de una expansión brusca -- Boquilla de flujo -- Orificios de descarga libre -- Pérdidas de energía por fricción en conductos de presión -- Análisis de pérdidas por accesorios o pérdidas localizadas -- Bombas centrífugas -- Energía específica -- Fuerza específica -- Estudio del flujo crítico y de las condiciones críticas. Estudio del flujo uniforme -- Análisis del flujo gradualmente variado -- Resalto hidráulico -- Estudio de vertedero -- Estudio de una compuesta plana -- Cálculo del flujo gradualmente variado -- Estudio de un medidor de régimen crítico.
526 _aP203
526 _aP200
526 _aSEG65
526 _aSEG64
526 _aSEG63
526 _aSEG62
526 _aSEG61
526 _aSEG60
526 _aSEG59
526 _aSEG58
526 _aSEG57
526 _aSEG56
526 _aSEG55
526 _aSEG54
526 _aSEG53
526 _aSEG52
526 _aSEG51
526 _aSEG50
526 _aSEG49
526 _aSEG48
526 _aSEG47
526 _aSEG46
526 _aSEG24
526 _aSEG23
526 _aSEG22
526 _aSEG21
526 _aSEG20
526 _aSEG19
526 _aSEG18
526 _aSEG17
526 _aSEG16
526 _aSEG14
526 _aSEG13
526 _aSEG12
526 _aSEG11
526 _aSEG10
526 _aSEG09
526 _aSEG06
526 _aSEG05
526 _aSEG04
526 _aSEG03
526 _aSEG02
526 _aSEG68
526 _aSEG66
526 _aSEG45
526 _aSEG25
526 _aSEG01
526 _aP163
526 _aP162
526 _aP161
526 _aP160
526 _aP159
526 _aP158
526 _aP157
526 _aP156
526 _aP155
526 _aP154
526 _aP153
526 _aP152
526 _aP151
526 _aP150
526 _aP149
526 _aP142
526 _aP141
526 _aP140
526 _aP139
526 _aP138
526 _aP137
526 _aP132
526 _aP131
526 _aP130
526 _aP126
526 _aP125
526 _aP124
526 _aP123
526 _aP115
526 _aP122
526 _aP121
526 _aP116
526 _a P114
526 _aP112
526 _aP111
526 _aP104
526 _aP103
526 _aP102
526 _aP101
526 _aP100
526 _aP96
526 _aP95
526 _aP93
526 _aP92
526 _aP91
526 _aP88
526 _aP83
526 _aP82
526 _aP79
526 _aP78
526 _aP75
526 _aP74
526 _aP71
526 _aP69
526 _a P51
526 _aP49
526 _aP48
526 _aP47
526 _aP33
526 _aP31
526 _a P30
526 _aP29
526 _aP27
526 _aP26
526 _aP25
526 _aP24
526 _a P22
526 _aP10
526 _aP09
526 _a P08
526 _aP06
526 _aP05
526 _aP04
526 _aP01
541 _g043-0014413;
650 4 _aBombas centrífugas.
650 4 _aHidráulica
_xProblemas, ejercicios, etc.
650 4 _aHidráulica.
910 _acce
_bjvq
_ccce
_d20150604
942 _2ddc
_cBOOK
949 _a627 R74
_wDEWEY
_c1
_i71117
_lCCODEBUL1
_mBUL
_p35.50
_r0
_sY
_tBOOK
_u2015-6-4
_xINGENIERIA
_PP25
_0COMPRA
_o.STAFF. Colección General
949 _a627 R74
_wDEWEY
_c2
_i71118
_lCCODEBUL1
_mBUL
_p35.50
_r0
_sY
_tBOOK
_u2015-6-4
_xINGENIERIA
_PP25
_0COMPRA
_o.STAFF. Colección General
994 _aC0
_bPEPRU
596 _a1 3
999 _a627 R74
_wDEWEY
_c22966
_i71117
_d22966
_e2020-1-28
_f2021-11-9
_g7
_lCCODEBUL1
_mBUL
_n2
_p35.50
_r0
_sY
_tBOOK
_u2015-6-4
_xINGENIERIA
_PP25
_0COMPRA
_o.STAFF. Colección General
999 _a627 R74
_wDEWEY
_c2
_i71118
_d2019-1-18
_e2019-1-14
_f2021-11-9
_g7
_lCCODEBUL1
_mBUL
_n5
_p35.50
_q1
_r0
_sY
_tBOOK
_u2015-6-4
_xINGENIERIA
_PP25
_0COMPRA
_o.STAFF. Colección General
999 _a626 R76 2009
_wDEWEY
_c1
_iFJ07216
_d2019-4-16
_f2022-1-26
_g4
_lCCODEBUJ1
_mBUJ
_p45.12
_q2
_r0
_sY
_tBOOK
_u2017-2-27
_xINGENIERIA
_PP25
_0COMPRA
_o.STAFF. Colección General Juliaca
999 _a626 R76 2009
_wDEWEY
_c2
_iFJ07217
_d2019-3-12
_f2022-1-26
_g4
_lCCODEBUJ1
_mBUJ
_p45.12
_q4
_r0
_sY
_tBOOK
_u2017-2-27
_xINGENIERIA
_PP25
_0COMPRA
_o.STAFF. Colección General Juliaca
980 _81
_gALBERTO SANCHEZ Responsable de Automatización